'Alexander' in Various Languages - Statistics

General Stats
  • This quiz has been taken 341 times
  • The average score is 6 of 14
Answer Stats
Alexander Language % Correct
Alejandro Spanish, Filipino
96%
Alexandre French, Portuguese
89%
Aléxandros Greek
88%
Alessandro Italian, Venetian
82%
Sikandar Hindi, Urdu, Bengali
48%
Arekusandorosu Japanese
48%
Eskandar Persian, Urdu
39%
Aleksanteri Finnish
38%
Alexandr Czech, Armenian
31%
Alasandar Irish
17%
Alecsander Welsh
7%
Alika Hawaiian
4%
Eskender Ethiopian
3%
Alikasundara Sanskrit
3%
No matching quizzes found
Score Distribution
Percent of People with Each Score
Percentile by Number Answered
Your Score History
You have not taken this quiz